Vista normal
Vista MARC
Entrada Personal Name
Número de registros utilizados en: 7
001 - NÚMERO DE CONTROL
- campo de control: 18616
003 - IDENTIFICADOR DEL NÚMERO DE CONTROL
- campo de control: AR-BaFLA
005 - FECHA Y HORA DE LA ÚLTIMA TRANSACCIÓN
- campo de control: 20220311172551.0
008 - DATOS DE LONGITUD FIJA
- campo de control de longitud fija: 150813|| az|||a|bn | a|a d
040 ## - FUENTE DE LA CATALOGACIÓN
- Centro catalogador/agencia de origen: AR-BaFLA
- Lengua de catalogación: spa
- Centro/agencia transcriptor: AR-BaFLA
- Normas de descripción: rda
100 1# - ENCABEZAMIENTO-NOMBRE DE PERSONA
- Nombre de persona: Andrada, Damián
372 ## - CAMPO DE ACTIVIDAD
- Campo de actividad: Ciencia política
- Campo de actividad: Periodismo
- Campo de actividad: Pueblos originarios
- Campo de actividad: Hegemonía
- Fuente de información: WWW Flacso, 11-3-2022
374 ## - OCUPACIÓN
- Ocupación: Periodista
- Ocupación: Docente
- Ocupación: Investigador
- Fuente de información: WWW Flacso, 11-3-2022
375 ## - GÉNERO/SEXO
- Género/Sexo: masculino
377 ## - IDIOMA ASOCIADO
- Código del idioma: spa
400 1# - TRAZADO DE VÉASE--NOMBRE DE PERSONA
- Nombre de persona: Andrada, Damián Vicente
670 ## - FUENTE DE DATOS ENCONTRADOS
- Cita de la fuente: El nuevo estado boliviano : la construcción de hegemonía, 2014
- Información encontrada: port. (Damián Andrada)
670 ## - FUENTE DE DATOS ENCONTRADOS
- Cita de la fuente: Sistema interno de gestión de alumnos, 11-3-2022
- Información encontrada: (Andrada, Damián Vicente)